000 01408 a2200253 4500
003 Nust
005 20170207154050.0
010 _a 2008007425
020 _a9780838935750 (pbk. : alk. paper)
040 _cNust
082 0 0 _a025.1/974
100 1 _aLandau, Herbert B.
245 1 4 _aThe small public library survival guide :thriving on less(E-BOOK)
_cHerbert B. Landau.
260 _aChicago :
_bAmerican Library Association,
_c2008.
300 _aviii, 159 p. ;
_c23 cm.
505 0 _aWhy this book is necessary -- Defining your library's role in your community : a market-oriented approach -- Translating community needs into a strategic plan -- Funding your library's plan -- Earning money through benefit events -- Obtaining noncash support from the community -- Granstmanship : the art of grant winning -- Ongoing marketing of your library and its programs -- Innovative library programming on a shoestring -- Staffing your library's plan -- Buying on the cheap -- Conclusion : is it worth all the effort?
650 0 _aLibraries and community
_zUnited States.
650 0 _aLibraries
_zUnited States
_xMarketing.
650 0 _aLibrary finance
_zUnited States.
650 0 _aPublic libraries
_zUnited States
_xAdministration.
650 0 _aSmall libraries
_zUnited States
_xAdministration.
651 _aE-BOOK
856 4 1 _3Table of contents only
_uhttp://www.loc.gov/catdir/toc/ecip0811/2008007425.html
942 _2ddc
_cBK
999 _c193097
_d193097